| 000 | 00432nab a2200145Ia 4500 | ||
|---|---|---|---|
| 003 | ES-SlBCS | ||
| 005 | 20210601125455.0 | ||
| 008 | 140529s1987-88 xxu||||| |||| 00| 0 eng d | ||
| 041 | _aeng | ||
| 100 | 1 |
_aRaffman, Diana _9159067 |
|
| 245 | 0 | 0 |
_aToward a Cognitive Theory of Musical Ineffability _c Diana Raffman |
| 650 | 0 | 4 |
_aMúsica _988212 |
| 773 | 0 |
_tReview of Methaphysics _gvol. 41, 1987-88, págs. 685-706 _wRev843 |
|
| 942 | _cAR | ||
| 999 |
_c530910 _d530910 |
||